Библиотекарката на изгорените книги (Запис номер 495962)
[ съкратено ]
| 000 -Лидер | |
|---|---|
| Контролно поле с фиксирана дължина | 00965nam a2200253 a 4500 |
| 003 - Код на организацията, давaща контролен номер | |
| Контролно поле | BLK |
| 005 - Дата и час на последна редакция | |
| Контролно поле | 20250306141957.0 |
| 008 - Елементи от данни с фиксирана дължина | |
| fixed length control field | 211020b bu ||||er|||| 00| | bu d |
| 020 ## - Международен стандартен номер на книга ISBN | |
| Международен стандартен номер на книга ISBN | 9789542843511 |
| 040 ## - Източник на каталожния запис | |
| Идентификатор на билиотеката - собственик на записа | BLK |
| 041 ## - Код за език | |
| Код за езика на текст/звукозапис или на отделно заглавие | Български |
| Код за езика КДБФ | Български |
| 080 ## - УДК | |
| Текстов определител УДК | Английска литература |
| УДК код - определител по УДК | 821.111 |
| УДК определител | -312.4 |
| УДК - код + определител | 821.111-312.4 |
| 100 ## - Редна дума - Автор | |
| Автор | Лабускес, Бриана |
| Авторска отговорност | първи автор |
| R(LIN) | 489253 |
| 139 ## - Редно поле | |
| Авторски знак | Ла - Л 12 |
| 245 ## - Сведения за заглавието | |
| Заглавие | Библиотекарката на изгорените книги |
| Редно поле (дума) | Бриана Лабускес ; прев. от англ. Надя Златкова |
| 260 ## - Област на издателските данни | |
| 9 (RLIN) | 217021 |
| Място на издаване, разпространение и проч. | София |
| Име на издателя, разпространителя и проч. | Сиела Норма |
| Година на издаване | 2023 |
| Издателство - префикс ISBN | 978-954-28- |
| 300 ## - Физическа характеристика | |
| Страници | 436 с. |
| Размери/Мащаб | 21 см |
| 380 ## - Жанр | |
| Жанр | Худож. лит. |
| 700 ## - Други автори (авторска отговорност) | |
| 9 (RLIN) | 1021 |
| Лично име | Златкова, Надя Иванова |
| Автороска отговорност (Описва отношението между автора и произведението) | прев. от англ. |
| 856 ## - Електронен адрес и достъп | |
| Инструкция (цена за достъп) | 0.00 |
| Права за достъп | disable |
| 942 ## - АРТИКУЛИ | |
| Вид на библиотечния материал | Книги |
| Скрит в OPAC | Не |
| Периодичен библиозапис | Да |
| Koha issues (borrowed), all copies | 51 |
| 999 ## - СИСТЕМНИ КОНТРОЛНИ НОМЕРА | |
| Koha biblionumber | 495962 |
| Koha biblioitemnumber | 495962 |
| 999 ## - СИСТЕМНИ КОНТРОЛНИ НОМЕРА | |
| Koha biblioitemnumber | 490550 |
| 944 ## - СЪЗДАВАНЕ И РЕДАКЦИЯ на ЗАПИСА | |
| Създаване/Редакция | |
| Дата на регистрацията/редакция | Нора Радева |
| Служител, извършил регистрацията/редакцията | 30531 |
| Статус, дата на статуса | Цветелина Шанова |
| Код за отписване | Код за изгубен артикул | Източник на класификационната схема | Код за повреда | Код за отдаване | Артикулен № | Име на библиотеката - собственик | Име на библиотеката, в която се намира в момента | Статус (Текущо местоположение) | Дата на вписване в системата | Местоположение - отдел | Цена в лева | Инвентарен номер | Систематично азбучна сигнатура | Баркод | Цена в евро | Служебен тип на артикула |
|---|---|---|---|---|---|---|---|---|---|---|---|---|---|---|---|---|
| Не е изгубен | Universal Decimal Classification | Не е повреден | заемане за дома | 934563 | Регионална библиотека "Любен Каравелов" Русе | Регионална библиотека "Любен Каравелов" Русе | Заемна - подръчен фонд | 2023-10-06 | Заемна - подръчен фонд | 13.93 | 120000893730 | 821-31/Л 12 Б | 120000893730 | 7.12 | Книги | |
| Не е изгубен | Universal Decimal Classification | Не е повреден | заемане за дома | 934564 | Регионална библиотека "Любен Каравелов" Русе | Регионална библиотека "Любен Каравелов" Русе | Заемна - подръчен фонд | 2023-10-06 | Заемна - подръчен фонд | 13.93 | 120000893731 | 821-31/Л 12 Б | 120000893731 | 7.12 | Книги |